Marketing your ministry : (Record no. 5021)

MARC details
000 -LEADER
fixed length control field 00821pam a2200277 a 4500
001 - CONTROL NUMBER
control field 21593669
003 - CONTROL NUMBER IDENTIFIER
control field OSt
005 - DATE AND TIME OF LATEST TRANSACTION
control field 20181219145523.0
008 - FIXED-LENGTH DATA ELEMENTS--GENERAL INFORMATION
fixed length control field 900503s1990 tnua 000 0 eng
010 ## - LIBRARY OF CONGRESS CONTROL NUMBER
LC control number 90038540
020 ## - INTERNATIONAL STANDARD BOOK NUMBER
International Standard Book Number 1561210234
040 ## - CATALOGING SOURCE
Original cataloging agency DLC
Transcribing agency DLC
Modifying agency CDC
082 ## - DEWEY DECIMAL CLASSIFICATION NUMBER
Classification number 206.8
Item number P361M
092 ## - LOCALLY ASSIGNED DEWEY CALL NUMBER (OCLC)
Classification number 254
Item number H673M
100 1# - MAIN ENTRY--PERSONAL NAME
Personal name Hisrich, Robert D
245 10 - TITLE STATEMENT
Title Marketing your ministry :
Remainder of title ten critical principles /
Statement of responsibility, etc. Robert D. Hirsh [i.e. Hisrich], John W. Pearson
250 ## - EDITION STATEMENT
Edition statement 1st ed
260 ## - PUBLICATION, DISTRIBUTION, ETC.
Place of publication, distribution, etc. Brentwood, Tenn. :
Name of publisher, distributor, etc. Wolgemuth & Hyatt,
Date of publication, distribution, etc. 1990
300 ## - PHYSICAL DESCRIPTION
Extent vii, 116 p. :
Other physical details ill. ;
Dimensions 23 cm
650 #0 - SUBJECT ADDED ENTRY--TOPICAL TERM
Topical term or geographic name entry element Church public relations
650 #0 - SUBJECT ADDED ENTRY--TOPICAL TERM
Topical term or geographic name entry element Church publicity
650 #0 - SUBJECT ADDED ENTRY--TOPICAL TERM
Topical term or geographic name entry element Clergy
General subdivision Office
-- Marketing
650 #0 - SUBJECT ADDED ENTRY--TOPICAL TERM
Topical term or geographic name entry element Religious institutions
General subdivision Marketing
700 10 - ADDED ENTRY--PERSONAL NAME
Personal name Pearson, John W.,
Dates associated with a name 1946-
942 ## - ADDED ENTRY ELEMENTS (KOHA)
Source of classification or shelving scheme Dewey Decimal Classification
Koha item type Books
Holdings
Withdrawn status Lost status Source of classification or shelving scheme Damaged status Not for loan Collection code Home library Current library Shelving location Date acquired Cost, normal purchase price Total Checkouts Full call number Barcode Date last seen Price effective from Koha item type
    Dewey Decimal Classification     Non-fiction Harvest Mission College Harvest Mission College General Stacks 19.12.2018 560.00   206.8 P361M 005731 19.12.2018 19.12.2018 Books

OPAC Designed and Maintained by HMC Library Team.
Copyright © HMC Library,Greater Noida, UP.
For any Suggestions/Query Contact library via Email:libhmc@gmail.com